Представление документа в формате RUSMARC

ПолеНазваниеЗначение
  Тип записи a
  Библиографический уровень a
001 Контрольный номер UONB/MAIN/01be6f8353054b9a8b17022e06c0b6d1
005 Дата корректировки 20260507101713.3
100 Данные общей обработки __
a Данные общей обработки 20260507 ||| 0rusy0189 ca
101 Язык документа 0_
a Язык текста rus
102 Страна публикации __
a Страна публикации RU
200 Заглавие и сведения об ответственности 1_
a Заглавие Героями не рождаются
f Первые сведения об ответственности А. Идрисова
203 Вид содержания и тип средства __
a Вид содержания Текст
b Характеристика содержания визуальный
c Тип средства непосредственный
215 Физическое описание __
c Иллюстрации/тип воспроизводства ил., портр.
330 Аннотация __
a Аннотация В селе Елховое Озеро прошел урок мужества для школьников совместно с участниками СВО.
461 Уровень набора _0
1 2000
a Цильнинские новости
463 Уровень физической единицы _0
1 2000
a № 14 (1385) (10 апреля)
v С. 4
1 2101
d 2026
1 001UONB/MAIN/7a8a6133bfb047dcab67d7e81a5efc5e
600 Персоналии _1
a Персоналии (Фамилия) Головин
b Персоналии (Имя, инициалы) С.
g Полное имя Сергей
600 Персоналии _1
a Персоналии (Фамилия) Турсунов
b Персоналии (Имя, инициалы) А.
g Полное имя Алишер
600 Персоналии _1
a Персоналии (Фамилия) Тимошкин
b Персоналии (Имя, инициалы) П.
g Полное имя Павел
600 Персоналии _1
a Персоналии (Фамилия) Долгов
b Персоналии (Имя, инициалы) В.
g Полное имя Владислав
607 Географические рубрики __
a Географическое наименование Елховое Озеро, село (Цильнинский район ; Ульяновская область)
610 Ключевые слова 0_
a Ключевые слова участники СВО; уроки мужества; выставки; беседы
686 Индексы других классификаций __
2 Код системы rubbk
a Классификационный индекс 68.42
700 Автор _1
a Фамилия Идрисова
b Имя (инициалы) А.
g Полное личное имя Альфия
801 Источник записи _0
a Страна RU
b Организация Ульяновская ОНБ
c Дата составления 20260507
g Правила каталогизации RCR
801 Источник записи _1
a Страна RU
b Организация Ульяновская ОНБ
c Дата составления 20260507
g Правила каталогизации RCR
901 Тип документа __
t Тип документа f
w Контрольный № источника UONB/MAIN/7a8a6133bfb047dcab67d7e81a5efc5e
909 Создатель записи __
a Создатель записи Логинова
b Дата создания записи 20260507